Päiväntasaajan valtiot – Äkkikuolema - Statistics

Yleistilastot
  • Tätä visaa on pelattu 1 225 kertaa
  • Keskiarvotulos 5 / 11
Answers on the Grid
Answers color-coded by a green-red scale on the quiz's grid according to % correct below.
Argentiina
Australia
Bolivia
Brasilia
Ecuador
Etelä-Afrikka
Gabon
Guinea
Indonesia
Intia
Jemen
Kenia
Kiina
Kolumbia
Kongon demokraattinen tasavalta
Kongon tasavalta
Malawi
Meksiko
Panama
Samoa
São Tomé ja Príncipe
Somalia
Uganda
Vietnam
 
Vastaustilastot
Vastaus % Oikein
Brasilia
69%
Ecuador
65%
Kongon demokraattinen tasavalta
53%
Indonesia
50%
Kongon tasavalta
47%
Kenia
36%
Gabon
34%
São Tomé ja Príncipe
34%
Somalia
31%
Kolumbia
29%
Uganda
29%
Ehtoja vastaavia visoja ei löytynyt
Tulosjakauma
Jokaisen tuloksen saaneiden osuus
Persentiili vastausten määrän mukaan
Tuloshistoriasi
Et ole pelannut tätä visaa